00872nam a22002057a 450000500170000000800410001704000270005804100080008504400070009308200180010011101040011824501110022226000420033330000580037565000440043365000560047765000640053370000330059770000360063020151201092247.0151201b1987 uy ||||fr|||| 00| 0 spa d aCO-BoIAVH cCO-BoIAVH 0 aspa auy04a333.715bC57a2 a1er. Congreso Latino Americano de EcologíacMontevideo (Uruguay)d10 - 17 de diciembre de 1989n11 aActas del 1er. congreso Latino Americano de ecologia / cCompiladores Eduardo Gudynas y Ricardo Xalambrí aMontevideo (Uruguay) :bCIPFE,c1990. a325 páginas :bfotografías a color ;c22 x 16 cm. 6aEcologíavCongresoszAmérica Latina 6aEcologíavCongresosxDesarrollozAmérica Latina 4aEcologíavCongresosxBuenas prácticaszAmérica Latina1 aGudynas, EduardoeCompilador1 aXalambrí, RicardoeCompilador